Statistics for Click a Valid World Capital A-Z

Click here to take the quiz!

General Stats

  • This quiz has been taken 53,854 times
  • The average score is 16 of 24

Answers on the Map

Answers color-coded by a green-red scale on the quiz's map according to % correct below.
 

Answer Stats

Answer% Correct
M
76%
L
75%
W
75%
A
74%
B
74%
R
74%
C
73%
D
73%
O
73%
P
73%
H
72%
S
72%
T
71%
K
70%
J
66%
N
65%
U
65%
I
60%
Q
60%
V
57%
G
51%
Z
50%
Y
45%
F
41%

Score Distribution

Percentile by Number Answered

Percent of People with Each Score

Your Score History

You have not taken this quiz